1088 1619 1415 1279 1618 1324 1920 1956 1813 1752 1385 1260 1188 1082 1365 1718 1235 1496 1322 1935 1246 1608 1872 1840 1355 1976 1542 1764 1519 1530 1198 1336 1584 1083 1608 1847 1277 1020 1018 1834 1452 1114 1044 1725 1724 1447 1501 1356 1615 1992 1458 1077 1294 1884 1959 1687 1526 1404 1680 1134 1382 1326 1364 1969 1121 1202 1800 1314 1378 1407 1915 1747 1896 1011 1280 1980 1727 1547 1988 1068 1476 1687 1550 1370 1198 1265 1871 1554 1164 1342 1711 1107 1626 1527 1169 1722 1867 1922 1410 BCNSPRNW ULIB Ver.6.0+V

เปลี่ยนเป็นภาษาไทย

Change to English
 แสดงรายละเอียดบรรณานุกรม
  กลับหน้าหลัก

Brief Record : Get Marc (ISO 2709) : E-mail record : QR code < ปิดหน้าต่าง
LEADER : 00000nam 2200000uu 4500
001    13399122312
003     ULIB
008    130208s2555||||th 000 0 tha d
020    ^a9789749781739
060  4 ^aWY157^bก125ก
100 0  ^aกนกวรรณ ฉันธนะมงคล
245 10 ^aการพยาบาลสตรีตั้งครรภ์ที่มีภาวะแทรกซ้อนทางอายุรกรรม นรีเวชและศัลยกรรม /^cกนกวรรณ ฉันธนะมงคล
250    ^aพิมพ์ครั้งที่ 2
260    ^aสมุทรปราการ :^bโครงการสำนักพิมพ์มหาวิทยาลัยหัวเฉียวเฉลิมพระเกียรติ,^c2555
300    ^aก-ฌ, 428 หน้า :^bภาพประกอบ
650  7 ^aสตรีมีครรภ์^xภาวะแทรกซ้อน^xการพยาบาล
650  7 ^aครรภ์^xภาวะแทรกซ้อน^xการพยาบาล
650  7 ^aภาวะแทรกซ้อนขณะมีครรภ์^xการพยาบาล
856    ^a^zการพยาบาสตรีตั้งครรภ์ที่มีภาวะแทรกซ้อนทางอายุรกรรม นรีเว0001.pdf (สารบัญหนังสือ)^uhttp://61.19.69.198:80/ULIB//_fulltext/Content ::/13399120595/20121219105203_2521.pdf
856    ^a^zการพยาบาลสตรีตั้งครรภ์ที่มีภาวะแทรกซ้อนทางอายุรกรรม นรีเวช และศัลยกรรม.pdf (Content)^uhttp://113.53.232.221:80/UlibM//_fulltext/5/13399122308/20130207140550_1547.pdf
945    ^p280^l0^i19852
945    ^p280^l0^i19853
945    ^p280^l0^i19854
945    ^p280^l0^i19855
945    ^p280^l0^i19856
945    ^p280^l0^i20044
945    ^p280^l0^i20045
945    ^p280^l0^i20046
999    ^aทศพร เกษรทอง
รายการนี้ยังไม่มีแท็ก
คุณยังไม่ได้ล็อกอิน คุณสามารถมีกิจกรรมร่วมกับเว็บไซต์ได้ แต่ต้องล็อกอินก่อน ::
  ล็อกอิน

รายการสื่อสารสนเทศ

ลำดับที่ ประเภท เลขเรียก/บาร์โค้ด สถานที่ สถานะ
1. Book การพยาบาล
Book การพยาบาล
สถานะ=หนังสือเก่า
WY157 ก125ก ฉ.1 
  Barcode: 19852
ห้องสมุดวิทยาเขตนครสวรรค์
►ส่วนจัดเก็บหนังสือเก่า นว.
บนชั้น
  ขอยืม
2. Book การพยาบาล
Book การพยาบาล
WY157 ก125ก ฉ.2 
  Barcode: 19853
ห้องสมุดวิทยาเขตสวรรค์ประชารักษ์
►หนังสือทั่วไป
บนชั้น
3. Book การพยาบาล
Book การพยาบาล
สถานะ=หนังสือเก่า
WY157 ก125ก ฉ.3 
  Barcode: 19854
ห้องสมุดวิทยาเขตนครสวรรค์
►ส่วนจัดเก็บหนังสือเก่า นว.
บนชั้น
  ขอยืม
4. Book การพยาบาล
Book การพยาบาล
สถานะ=หนังสือเก่า
WY157 ก125ก ฉ.4 
  Barcode: 19855
ห้องสมุดวิทยาเขตนครสวรรค์
►ส่วนจัดเก็บหนังสือเก่า นว.
บนชั้น
  ขอยืม
5. Book การพยาบาล
Book การพยาบาล
สถานะ=หนังสือเก่า
WY157 ก125ก ฉ.5 
  Barcode: 19856
ห้องสมุดวิทยาเขตนครสวรรค์
►ส่วนจัดเก็บหนังสือเก่า นว.
บนชั้น
  ขอยืม
6. Book การพยาบาล
Book การพยาบาล
สถานะ=หนังสือเก่า
WY157 ก125ก ฉ.6 
  Barcode: 20044
ห้องสมุดวิทยาเขตนครสวรรค์
►ส่วนจัดเก็บหนังสือเก่า นว.
บนชั้น
  ขอยืม
7. Book การพยาบาล
Book การพยาบาล
WY157 ก125ก ฉ.7 
  Barcode: 20045
ห้องสมุดวิทยาเขตสวรรค์ประชารักษ์
►หนังสือทั่วไป
บนชั้น
8. Book การพยาบาล
Book การพยาบาล
สถานะ=หนังสือเก่า
WY157 ก125ก ฉ.8 
  Barcode: 20046
ห้องสมุดวิทยาเขตนครสวรรค์
►ส่วนจัดเก็บหนังสือเก่า นว.
บนชั้น
  ขอยืม

รายการใกล้เคียง
    ผู้แต่ง [กนกวรรณ ฉันธนะมงคล]

    หัวเรื่อง [สตรีมีครรภ์ ภาวะแทรกซ้อน การพยาบาล]
    หัวเรื่อง [ครรภ์ ภาวะแทรกซ้อน การพยาบาล]

BibComment


ยังไม่เคยถูกคอมเมนท์

คอมเมนท์ทรัพยากรรายการนี้
  คอมเมนท์: การพยาบาลสตรีตั้..


 Copyright 2026. Bcnsprnw @Library